Normal view
MARC view
- Turner, Thomas P
Entry Personal Name
001 - CONTROL NUMBER
- control field: 83785
003 - CONTROL NUMBER IDENTIFIER
- control field: NUST
005 - DATE AND TIME OF LATEST TRANSACTION
- control field: 20211110125905.0
008 - FIXED-LENGTH DATA ELEMENTS
- fixed length control field: 211110|| aca||aabn | a|a d
040 ## - CATALOGING SOURCE
- Original cataloging agency: NUST
- Transcribing agency: NUST
100 ## - HEADING--PERSONAL NAME
- Personal name: Turner, Thomas P
670 ## - SOURCE DATA FOUND
- Source citation: Work cat.: (NUST)33860: Turner, Thomas P., Cockpit Resource Management :, c1995.
